Statistics for Scotland Trivia Beginning with D

Click here to take the quiz!

General Stats

  • This quiz has been taken 114 times
    (90 since last reset)
  • The average score is 4 of 5

Answer Stats

HintAnswer% Correct
Known as the city of discoveryDundee
99%
The river that flows through AberdeenRiver Dee
99%
Andy Murray's hometownDunblane
79%
Another river that flows through AberdeenRiver Don
68%
Has a football team and a building societyDunfermline
56%

Score Distribution

Percentile by Number Answered

Percent of People with Each Score

Your Score History

You have not taken this quiz since the last reset